[Event "Druzynowe Mistrzostwa Polski - II Liga 2023"]
[Site "Jastrzebia Gora"]
[Date "1899-12-30"]
[Round "7.120"]
[White "Barwinska, Ewa"]
[Black "Baranska, Monika"]
[Result "1-0"]
[WhiteTitle "WCM"]
[BlackTitle "I++"]
[WhiteElo "2030"]
[BlackElo "1776"]

1. e4 e6 2. d3 d5 3. Qe2 d4 4. e5 c5 5. g3 Bd7 6. Bg2 Bc6 7. Nf3 Ne7 8. Nbd2 Qc7
9. O-O Ng6 10. h4 h5 11. c3 Nd7 12. Re1 Be7 13. a4 Rd8 14. Nc4 dxc3 15. bxc3 b5
16. axb5 Bxb5 17. Na5 Nb6 18. c4 Ba4 19. Ng5 Rb8 20. Qe4 Bxg5 21. Bxg5 Ne7 22.
Bxe7 Qxe7 23. Rxa4 Nxa4 24. Nc6 1-0

[Event "Druzynowe Mistrzostwa Polski - II Liga 2023"]
[Site "Jastrzebia Gora"]
[Date "1899-12-30"]
[Round "7.121"]
[White "Gierulski, Kamil"]
[Black "Mrozowski, Patryk"]
[Result "1-0"]
[WhiteTitle "k++"]
[BlackTitle "I++"]
[WhiteElo "2256"]
[BlackElo "2118"]

1. Nf3 Nf6 2. c4 d5 3. cxd5 Nxd5 4. g3 c5 5. Bg2 Nc6 6. Nc3 e6 7. O-O Be7 8. d4
O-O 9. Nxd5 Qxd5 10. Be3 Qh5 11. dxc5 e5 12. Qa4 f5 13. b4 f4 14. gxf4 exf4 15.
Bd2 Bf6 16. Bc3 Be6 17. Rac1 g5 18. b5 Ne7 19. Nd4 Bd5 20. Bxd5+ Nxd5 21. Qc4
Qf7 22. Nf5 Qe6 23. Bxf6 Qxf5 24. Rfd1 Rf7 25. Rxd5 Qxf6 26. c6 bxc6 27. bxc6
Rc8 28. Rd7 Kg7 29. Rxf7+ Qxf7 30. Qd4+ Kg6 31. c7 Qe6 32. Qd3+ Kh5 33. Qxh7+
1-0

[Event "Druzynowe Mistrzostwa Polski - II Liga 2023"]
[Site "Jastrzebia Gora"]
[Date "1899-12-30"]
[Round "7.122"]
[White "Papka, Sebastian"]
[Black "Babiarz, Arkadiusz"]
[Result "0-1"]
[WhiteTitle "k"]
[BlackTitle "I++"]
[WhiteElo "2107"]
[BlackElo "2046"]

1. d4 d5 2. Nf3 Nf6 3. c4 dxc4 4. e3 e6 5. Bxc4 a6 6. a4 c5 7. O-O Nbd7 8. Nc3
cxd4 9. exd4 Nb6 10. Bd3 Be7 11. Qe2 Nbd5 12. Rd1 Qc7 13. Ne5 Nxc3 14. bxc3 Qxc3
15. Bf4 Qa5 16. Nc4 Qd8 17. Be5 O-O 18. Rab1 Nd5 19. Bxh7+ Kxh7 20. Qh5+ Kg8 21.
Bxg7 Kxg7 22. Rb3 Bh4 23. Rdd3 Nf4 24. Rg3+ Bxg3 25. Rxg3+ Ng6 26. Ne5 Qf6 27.
Rf3 Rh8 28. Qg4 Rh4 29. Qg3 Rxd4 0-1

[Event "Druzynowe Mistrzostwa Polski - II Liga 2023"]
[Site "Jastrzebia Gora"]
[Date "1899-12-30"]
[Round "7.123"]
[White "Ziemniak, Piotr"]
[Black "Drozdowski, Konrad"]
[Result "0-1"]
[WhiteTitle "I+"]
[BlackTitle "k"]
[WhiteElo "1793"]
[BlackElo "2104"]

1. e4 c5 2. Nf3 e6 3. d4 cxd4 4. Nxd4 a6 5. Be2 Nf6 6. Nd2 Qc7 7. O-O Be7 8. Kh1
d6 9. f4 e5 10. fxe5 dxe5 11. Nf5 Bxf5 12. Rxf5 Nc6 13. c3 Bc5 14. Qc2 Be3 15.
Nc4 Bxc1 16. Rxc1 b5 17. Ne3 Ne7 18. Rff1 Qc5 19. Nf5 Nxf5 20. exf5 O-O 21. b4
Qb6 22. c4 Rac8 23. c5 Qc6 24. Rcd1 e4 25. Qd2 Qa8 26. Qf4 Rfe8 27. Rd6 Rc6 28.
Rfd1 Rec8 29. R1d2 h6 30. Bd1 a5 31. a3 axb4 32. axb4 Rxd6 33. Rxd6 Qa1 34. Qe3
Qb1 35. Qb3 Qc1 36. Qc2 Qf4 37. Qe2 Ng4 38. g3 Qxf5 39. Kg2 Ra8 40. h3 Nf6 41.
Bb3 Qe5 42. Qe3 Qe7 43. g4 Kh8 44. Bd5 Ra4 45. Qb3 e3 46. g5 hxg5 47. Bxf7 e2
48. Qd3 e1=N+ 0-1

[Event "Druzynowe Mistrzostwa Polski - II Liga 2023"]
[Site "Jastrzebia Gora"]
[Date "1899-12-30"]
[Round "7.124"]
[White "Zielinski, Olgierd"]
[Black "Wozniak, Grzegorz"]
[Result "1/2-1/2"]
[WhiteTitle "I+"]
[BlackTitle "I"]
[WhiteElo "1822"]
[BlackElo "1638"]

1. e4 c5 2. Nf3 Nc6 3. d4 cxd4 4. Nxd4 Nf6 5. Nc3 g6 6. f3 Bg7 7. Be3 O-O 8. Bc4
Qb6 9. Ncb5 a6 10. Nf5 Qd8 11. Nbd4 Nxd4 12. Nxd4 d5 13. exd5 Nxd5 14. Bxd5 Qxd5
15. c3 b5 16. O-O Bb7 17. Nb3 a5 18. Nc5 Qc6 19. Nxb7 Qxb7 20. Qb3 Rfd8 21. Rfd1
Qc6 22. a4 Rxd1+ 23. Qxd1 Qc4 24. axb5 Qxb5 25. Qd2 Rb8 26. Rd1 1/2-1/2

[Event "Druzynowe Mistrzostwa Polski - II Liga 2023"]
[Site "Jastrzebia Gora"]
[Date "1899-12-30"]
[Round "7.125"]
[White "Wasik, Roman"]
[Black "Sivickis, Wiktoria"]
[Result "0-1"]
[WhiteTitle "I"]
[BlackTitle "I++"]
[WhiteElo "1381"]
[BlackElo "1684"]

1. Nf3 c5 2. c4 Nc6 3. d4 cxd4 4. Nxd4 g6 5. Nc3 Bg7 6. Nc2 Bxc3+ 7. bxc3 Qa5 8.
Ne3 Ne5 9. Qb3 Nf6 10. g3 Ne4 11. Bb2 Rb8 12. Bg2 Nc5 13. Qc2 d6 14. O-O Qa6 15.
Rfd1 Nxc4 16. Nxc4 Qxc4 17. Rd4 Qa6 18. Qd1 O-O 19. a4 Bd7 20. Rb4 Qa5 21. Qd4
Qc7 22. Qh4 a5 23. Rc4 e5 24. Qh6 Be6 25. Rh4 f6 26. Rd1 g5 27. Rh5 Rbd8 28. h4
g4 29. Ba3 Qg7 30. Qe3 Qf7 31. Qh6 Qg7 32. Qe3 Qg6 33. Rh6 Qc2 34. Rd2 Qb1+ 35.
Kh2 Qb6 36. Rb2 Qa6 37. Bxc5 dxc5 38. Rxb7 Rd7 39. Rxd7 Bxd7 40. Qe4 Rf7 41. Qe3
Qc4 42. Rh5 Bxa4 43. Be4 Rg7 44. f4 gxf3 45. Qxf3 Bb3 46. Rf5 Rf7 47. h5 a4 48.
h6 a3 49. Bd3 Qd5 50. Rxf6 Qxf3 51. Rxf3 Rxf3 52. exf3 a2 0-1

[Event "Druzynowe Mistrzostwa Polski - II Liga 2023"]
[Site "Jastrzebia Gora"]
[Date "1899-12-30"]
[Round "7.126"]
[White "Mackiewicz, Anna"]
[Black "Szelag, Zuzanna"]
[Result "1-0"]
[WhiteTitle "k+"]
[BlackTitle "k"]
[WhiteElo "1844"]
[BlackElo "1783"]

1. Nf3 Nf6 2. d4 g6 3. g3 Bg7 4. Bg2 O-O 5. O-O d6 6. b3 c5 7. Bb2 Qc7 8. c4 Rd8
9. Nbd2 a6 10. a4 Nc6 11. d5 Nb4 12. e4 e5 13. Ne1 Bd7 14. Nc2 Nxc2 15. Qxc2 b5
16. f4 Ng4 17. Qd3 bxa4 18. h3 Nh6 19. fxe5 dxe5 20. bxa4 Rab8 21. Bc3 f5 22.
a5 Rf8 23. Rab1 f4 24. gxf4 Rxb1 25. Qxb1 exf4 26. Bxg7 Kxg7 27. Qb6 Qc8 28. Kh2
Nf7 29. Rxf4 Ng5 30. Qd6 Rxf4 31. Qxf4 h6 32. h4 Nf7 33. e5 Bf5 34. e6 Bxe6 35.
dxe6 Qxe6 36. Ne4 Qxc4 37. Qf6+ Kh7 38. Qe7 Kg7 39. Nxc5 Qf4+ 40. Kg1 Qd4+ 41.
Kh1 Qf2 42. Ne6+ Kh7 43. Nd8 1-0

[Event "Druzynowe Mistrzostwa Polski - II Liga 2023"]
[Site "Jastrzebia Gora"]
[Date "1899-12-30"]
[Round "7.127"]
[White "Bielinski, Dariusz"]
[Black "Seifert, Henryk"]
[Result "1-0"]
[WhiteTitle "k+"]
[BlackTitle "FM"]
[WhiteElo "2129"]
[BlackElo "2106"]

1. d4 d5 2. Nf3 Nf6 3. c4 c6 4. g3 e6 5. Bg2 Nbd7 6. Qc2 Bb4+ 7. Nbd2 Ne4 8. O-O
Nxd2 9. Bxd2 Be7 10. e4 O-O 11. Rfc1 dxe4 12. Qxe4 Nf6 13. Qe2 Bd7 14. Ne5 Be8
15. Be3 Nd7 16. Bxc6 Nxe5 17. Bxe8 Nxc4 18. Bxf7+ Rxf7 19. Qxc4 Qd5 20. Qxd5 exd5
21. Rc7 Bd6 22. Rxf7 Kxf7 23. Rc1 h5 24. Kg2 Re8 25. Kf3 Kf6 26. Rc3 g5 27. h3
Re4 28. Rc8 g4+ 29. Kg2 h4 30. gxh4 g3 31. h5 gxf2 32. Kxf2 Rh4 33. Rd8 Ke6 34.
h6 Rxh3 35. Bg5 Rh5 36. Kf3 Bc7 37. Rg8 Kf5 38. Rg7 Rh3+ 39. Ke2 Bd6 40. Bd2 Ke4
41. h7 Rh2+ 42. Kf1 b5 43. Rg6 Rh1+ 44. Kg2 Rh2+ 45. Kg1 Rxh7 46. Rxd6 Kxd4 47.
Kf2 b4 48. Ke2 a5 49. Kd1 Kc5 50. Ra6 Kb5 51. Ra8 Rh1+ 52. Kc2 Rh3 53. b3 Rg3
54. a3 Rg4 55. Rb8+ Kc5 56. axb4+ axb4 57. Kd3 Rd4+ 58. Kc2 Rg4 59. Be3+ Kc6 60.
Kd3 Kc7 61. Rf8 1-0

[Event "Druzynowe Mistrzostwa Polski - II Liga 2023"]
[Site "Jastrzebia Gora"]
[Date "1899-12-30"]
[Round "7.128"]
[White "Malik, Maciej"]
[Black "Kielbratowski, Aleksander"]
[Result "1-0"]
[WhiteTitle "k"]
[BlackTitle "I+"]
[WhiteElo "2023"]
[BlackElo "1969"]

1. e4 e5 2. Nf3 f5 3. Nxe5 Qf6 4. d4 d6 5. Nc4 fxe4 6. Nc3 Qf7 7. Be2 Nf6 8. Bg5
Nbd7 9. Nb5 Kd8 10. Qd2 a6 11. Nc3 Be7 12. Ne3 Qg6 13. Bh4 Re8 14. O-O-O Nb6 15.
f3 Qh6 16. Bf2 d5 17. Kb1 Bb4 18. a3 Bd6 19. g3 c6 20. fxe4 Nxe4 21. Nxe4 Rxe4
22. Bd3 Re7 23. Rde1 Rf7 24. Qe2 Bd7 25. Ng4 Qg5 26. Ne5 Rf8 27. Be3 Qe7 28. Qd2
Bxe5 29. dxe5 Kc7 30. Qa5 1-0

[Event "Druzynowe Mistrzostwa Polski - II Liga 2023"]
[Site "Jastrzebia Gora"]
[Date "1899-12-30"]
[Round "7.129"]
[White "Kielek, Andrzej"]
[Black "Spyra, Piotr"]
[Result "1/2-1/2"]
[WhiteTitle "I++"]
[BlackTitle "I"]
[WhiteElo "1897"]
[BlackElo "1850"]

1. b4 e5 2. Bb2 Bxb4 3. Bxe5 Nf6 4. c4 O-O 5. e3 d5 6. Nf3 c5 7. cxd5 Nxd5 8. Be2
Nc6 9. Bb2 Re8 10. O-O Qe7 11. Qc2 Ba5 12. a3 Bc7 13. Nc3 Nf6 14. Rfe1 Bg4 15.
Na4 Ne4 16. Nc3 Bxf3 17. Bxf3 Bxh2+ 18. Kf1 Nxc3 19. Bxc3 Be5 20. Bxc6 bxc6 21.
Bxe5 Qxe5 22. Rac1 Qh2 23. Ke2 Qxg2 24. Rg1 Qh3 25. Qxc5 Re6 26. Rg3 Qh4 27. Rcg1
g6 28. Rg4 Qf6 29. Ra4 Re5 30. Qc3 Kg7 31. Rc1 c5 32. Ra5 Rc8 33. Rxa7 c4 34.
Ra4 Qg5 35. Rf1 Kg8 36. Rxc4 Qh5+ 37. f3 Rd8 38. Rc8 Rxc8 39. Qxc8+ Kg7 40. Qc3
Kg8 41. d4 Re6 42. Rf2 Qb5+ 43. Qd3 Qb2+ 44. Kf1 Qc1+ 45. Ke2 1/2-1/2

[Event "Druzynowe Mistrzostwa Polski - II Liga 2023"]
[Site "Jastrzebia Gora"]
[Date "1899-12-30"]
[Round "7.130"]
[White "Wodecki, Daniel"]
[Black "Kielbratowski, Maciej"]
[Result "1/2-1/2"]
[WhiteTitle "I"]
[BlackTitle "II+"]
[WhiteElo "1905"]
[BlackElo "1687"]

1. e4 e5 2. Nf3 f5 3. d3 Nc6 4. Be2 Nf6 5. Nbd2 Bc5 6. O-O O-O 7. c3 Bb6 8. b4
d6 9. Qb3+ Kh8 10. a4 a5 11. b5 Ne7 12. Ng5 Qe8 13. Nc4 Bc5 14. Be3 Ng6 15. Bxc5
dxc5 16. exf5 Bxf5 17. Ne3 Nf4 18. Qc2 Qg6 19. Nxf5 Qxf5 20. Ne4 Qg6 21. Bf3 N6d5
22. Kh1 1/2-1/2

[Event "Druzynowe Mistrzostwa Polski - II Liga 2023"]
[Site "Jastrzebia Gora"]
[Date "1899-12-30"]
[Round "7.131"]
[White "Kolodziejski, Grzegorz"]
[Black "Kotula, Pawel"]
[Result "1-0"]
[WhiteTitle "II"]
[BlackTitle "I"]
[WhiteElo "1552"]
[BlackElo "1712"]

1. e4 d6 2. d4 Nf6 3. Nc3 g6 4. Bg5 Bg7 5. e5 Nfd7 6. f4 O-O 7. Bc4 Nb6 8. Bb3
Kh8 9. Nf3 Bg4 10. h3 Bxf3 11. Qxf3 f6 12. exf6 exf6 13. Bh4 Re8+ 14. Ne2 Qe7
15. O-O-O Qxe2 16. Rhe1 Qb5 17. a4 Qc6 18. Rxe8+ Qxe8 19. a5 Nc6 20. axb6 axb6
21. Kb1 Qb8 22. f5 Qa7 23. c3 g5 24. Bg3 b5 25. h4 b4 26. hxg5 Na5 27. Be6 bxc3
28. Rh1 c2+ 29. Kxc2 h6 30. Rxh6+ Bxh6 31. Qh5 1-0

[Event "Druzynowe Mistrzostwa Polski - II Liga 2023"]
[Site "Jastrzebia Gora"]
[Date "1899-12-30"]
[Round "7.132"]
[White "Szymura, Oliwia"]
[Black "Dziopa, Malgorzata"]
[Result "1/2-1/2"]
[WhiteTitle "II+"]
[BlackTitle "I++"]
[WhiteElo "1176"]
[BlackElo "1727"]

1. e4 e5 2. Nf3 Nf6 3. Nc3 Nc6 4. Bc4 Nxe4 5. Nxe4 d5 6. Bd3 dxe4 7. Bxe4 Bd6 8.
c3 O-O 9. O-O Ne7 10. d4 f5 11. Qb3+ Kh8 12. Bc2 Ng6 13. Bg5 Qe8 14. dxe5 Nxe5
15. Nxe5 Qxe5 16. f4 1/2-1/2

[Event "Druzynowe Mistrzostwa Polski - II Liga 2023"]
[Site "Jastrzebia Gora"]
[Date "1899-12-30"]
[Round "8.2"]
[White "Kolodziejski, Piotr"]
[Black "Malovanyi, Yulian"]
[Result "0-1"]
[WhiteTitle "k"]
[BlackTitle "FM"]
[WhiteElo "2276"]
[BlackElo "2325"]

1. e4 c5 2. Nf3 Nc6 3. d4 cxd4 4. Nxd4 g6 5. c4 Nf6 6. Nc3 d6 7. Be2 Nxd4 8. Qxd4
Bg7 9. Be3 O-O 10. Qd2 Be6 11. O-O a5 12. f3 a4 13. Rac1 Nd7 14. Rfd1 Nc5 15.
Bf1 Qa5 16. Nb5 Rfc8 17. Qf2 Bd7 18. Nc3 Bc6 19. g4 a3 20. Bd4 axb2 21. Qxb2 Bxd4+
22. Rxd4 Qa7 23. Qf2 Ne6 24. Rd2 Qxf2+ 25. Kxf2 g5 26. Rb1 Ra3 27. Rb3 Rca8 28.
Rxa3 Rxa3 29. Nb1 Ra5 30. Ke3 Kg7 31. Rb2 Nc5 32. Bd3 Kf6 33. Bc2 Ra8 34. Nc3
h5 35. gxh5 Rh8 36. f4 gxf4+ 37. Kxf4 Rxh5 38. Kg3 Ke5 39. Ne2 Rg5+ 40. Kf2 Nxe4+
41. Bxe4 Kxe4 42. Rb3 Rf5+ 43. Kg3 Rg5+ 44. Kf2 Ke5 45. Re3+ Kf6 46. Ng3 Rg4 47.
Rc3 Rh4 48. h3 e5 49. Nf1 Rf4+ 50. Ke1 Ke6 51. Nd2 f5 52. Rg3 Rh4 53. Ke2 f4 54.
Rg6+ Kf5 55. Rxd6 Rxh3 0-1

[Event "Druzynowe Mistrzostwa Polski - II Liga 2023"]
[Site "Jastrzebia Gora"]
[Date "1899-12-30"]
[Round "8.4"]
[White "Komendecki, Antoni"]
[Black "Dudzinski, Pawel"]
[Result "0-1"]
[WhiteTitle "I++"]
[BlackTitle "FM"]
[WhiteElo "1951"]
[BlackElo "2186"]

1. c4 e5 2. Nc3 Nc6 3. g3 g6 4. Bg2 Bg7 5. Rb1 d6 6. b4 f5 7. b5 Nd4 8. e3 Ne6
9. d4 exd4 10. exd4 Bxd4 11. Nd5 Ne7 12. Nf3 Nxd5 13. cxd5 Bc3+ 14. Bd2 Bxd2+
15. Qxd2 Nc5 16. O-O O-O 17. Rfe1 Qf6 18. Nd4 Bd7 19. Ne6 Bxe6 20. dxe6 Rfe8 21.
Bd5 Re7 22. Rbc1 Rd8 23. Qe3 b6 24. Re2 a6 25. a4 a5 26. Kg2 Kg7 27. Rc4 Rf8 28.
Qc1 g5 29. f4 g4 30. Re3 h5 31. Qc3 Rh8 32. h4 gxh3+ 33. Kxh3 h4 34. g4 fxg4+
35. Kxg4 Qxc3 36. Rexc3 Kf6 37. Rh3 Rg7+ 38. Kf3 Nxe6 39. Bxe6 Kxe6 40. Rxh4 Rxh4
41. f5+ Kxf5 42. Rxh4 Ke5 43. Ke3 Kd5 44. Kd3 Rg3+ 45. Kc2 Kc5 46. Rh7 Kb4 47.
Rh4+ Ka3 0-1

[Event "Druzynowe Mistrzostwa Polski - II Liga 2023"]
[Site "Jastrzebia Gora"]
[Date "1899-12-30"]
[Round "8.5"]
[White "Chmielarz, Maciej"]
[Black "Madera, Mateusz"]
[Result "1/2-1/2"]
[WhiteTitle "I++"]
[BlackTitle "I+"]
[WhiteElo "1996"]
[BlackElo "1880"]

1. d4 d5 2. c4 e6 3. Nc3 Nf6 4. Bg5 Be7 5. e3 O-O 6. Nf3 h6 7. Bh4 b6 8. cxd5 Nxd5
9. Bxe7 Qxe7 10. Bd3 Bb7 11. O-O Nxc3 12. bxc3 Nd7 13. e4 e5 14. Re1 Rad8 15.
Qa4 a6 16. Rad1 Rfe8 17. Qc2 c5 18. d5 Nf8 19. c4 Rd6 20. g3 Ng6 21. h4 h5 22.
Nh2 Nf8 23. Qe2 g6 24. f4 Nd7 25. f5 Kg7 26. Rf1 Bc8 27. Rf2 Nf6 28. fxg6 fxg6
29. Qe3 Bh3 30. Bf1 Bc8 31. Be2 Bh3 32. Bf1 Bc8 33. Bg2 Rdd8 34. Rdf1 Rf8 35.
Qg5 Qd6 36. a4 1/2-1/2

[Event "Druzynowe Mistrzostwa Polski - II Liga 2023"]
[Site "Jastrzebia Gora"]
[Date "1899-12-30"]
[Round "8.6"]
[White "Budkiewicz, Magdalena"]
[Black "Andrejczuk, Beata"]
[Result "0-1"]
[WhiteTitle "k+"]
[BlackTitle "WFM"]
[WhiteElo "1762"]
[BlackElo "2028"]

1. e4 g6 2. d4 d6 3. Nf3 Bg7 4. Bc4 Nf6 5. Qe2 O-O 6. O-O a6 7. a4 Nc6 8. Nc3 Bg4
9. Be3 Nd7 10. Rad1 e5 11. d5 Nd4 12. Bxd4 exd4 13. Nb1 Ne5 14. Nbd2 f5 15. Bd3
Bh6 16. exf5 Bxd2 17. Rxd2 Nxf3+ 18. gxf3 Bh3 19. Kh1 Bxf1 20. Qxf1 gxf5 21. Qh3
Qd7 22. Re2 Rf7 23. b3 Raf8 24. Qh4 c5 25. Re6 Qd8 26. Qg3+ Rg7 27. Rxd6 Qa5 28.
Qh3 Kh8 29. Re6 Rfg8 30. Qf1 Qd8 31. d6 Rg1+ 0-1

[Event "Druzynowe Mistrzostwa Polski - II Liga 2023"]
[Site "Jastrzebia Gora"]
[Date "1899-12-30"]
[Round "8.7"]
[White "Koziorowicz, Michal"]
[Black "Niekras, Dawid"]
[Result "0-1"]
[WhiteTitle "FM"]
[BlackTitle "FM"]
[WhiteElo "2321"]
[BlackElo "2298"]

1. e4 c5 2. Nf3 d6 3. Bb5+ Nd7 4. d4 cxd4 5. Qxd4 a6 6. Bxd7+ Bxd7 7. Nc3 e5 8.
Qd3 h6 9. Nd2 Rc8 10. Nc4 Qc7 11. Ne3 Nf6 12. O-O Be6 13. a4 Be7 14. Rd1 O-O 15.
a5 Rfd8 16. Ra4 Bf8 17. Ned5 Bxd5 18. exd5 g6 19. Qh3 Qd7 20. Qh4 Nh5 21. Rb4
Be7 22. Qe4 f5 23. Qe2 Bg5 24. Bxg5 hxg5 25. g3 Nf6 26. Qd2 g4 27. Na4 Rc7 28.
Qg5 Kg7 29. Nb6 Qe7 30. Nc4 Ne4 31. Qxe7+ Rxe7 32. Rb6 Rc7 33. Ne3 Kf6 34. Kg2
Rh8 35. c4 Kg5 36. b3 Rch7 37. h4+ gxh3+ 38. Kf3 Nc3 0-1

[Event "Druzynowe Mistrzostwa Polski - II Liga 2023"]
[Site "Jastrzebia Gora"]
[Date "1899-12-30"]
[Round "8.8"]
[White "Zakrzewski, Marek"]
[Black "Marczuk, Dominik"]
[Result "1-0"]
[WhiteTitle "FM"]
[BlackTitle "FM"]
[WhiteElo "2306"]
[BlackElo "2253"]

1. e4 e6 2. d4 d5 3. Bd3 dxe4 4. Bxe4 Nf6 5. Bf3 c5 6. Ne2 cxd4 7. Qxd4 Qxd4 8.
Nxd4 a6 9. Bf4 Nbd7 10. O-O Bc5 11. Nb3 Ba7 12. N1d2 Bb8 13. Bxb8 Rxb8 14. Rfe1
Ke7 15. Na5 Rd8 16. Ndb3 Ne8 17. Rad1 Nb6 18. Nc5 Rxd1 19. Rxd1 Nd6 20. b3 Nd5
21. Bxd5 exd5 22. Rxd5 Nb5 23. Rd2 Nc3 24. a4 Nb1 25. Rd3 Na3 26. c3 Kf6 27. Rd6+
Ke7 28. Rb6 Kd8 29. Ncxb7+ Bxb7 30. Rxb7 Rxb7 31. Nxb7+ Kc7 32. Nc5 Kb6 33. Ne4
f5 34. Nd2 Nc2 35. Kf1 1-0

[Event "Druzynowe Mistrzostwa Polski - II Liga 2023"]
[Site "Jastrzebia Gora"]
[Date "1899-12-30"]
[Round "8.9"]
[White "Chmiel, Marcin"]
[Black "Selbes, Tamer Tarik"]
[Result "0-1"]
[WhiteTitle "k+"]
[BlackTitle "FM"]
[WhiteElo "2184"]
[BlackElo "2225"]

1. c4 Nf6 2. g3 g6 3. Bg2 Bg7 4. Nc3 O-O 5. d4 d6 6. h3 Nc6 7. Nf3 Bd7 8. O-O a6
9. e4 e5 10. d5 Nd4 11. Nxd4 exd4 12. Qxd4 Qc8 13. Bg5 Nh5 14. Qd2 Bxh3 15. Bh6
Qg4 16. Bxg7 Kxg7 17. Qd4+ Kg8 18. Qd1 Qd7 19. Qd3 Rae8 20. Rae1 Qg4 21. Qe2 Qd7
22. Bxh3 Qxh3 23. Qf3 Re7 24. Re3 f5 25. exf5 Rxf5 26. Qe2 Rfe5 27. Rxe5 Rxe5
28. Qf3 Nf4 29. Ne4 Qf5 30. Re1 Nh3+ 31. Kg2 Qxf3+ 32. Kxf3 Ng5+ 33. Kf4 Rf5+
34. Ke3 Nxe4 35. g4 Rf8 36. f3 Ng5 0-1

[Event "Druzynowe Mistrzostwa Polski - II Liga 2023"]
[Site "Jastrzebia Gora"]
[Date "1899-12-30"]
[Round "8.10"]
[White "Bernat, Marcin"]
[Black "Dylag, Emilia"]
[Result "0-1"]
[WhiteTitle "k"]
[BlackTitle "WFM"]
[WhiteElo "1959"]
[BlackElo "2169"]

1. d4 Nf6 2. c4 e6 3. Nc3 Bb4 4. e3 O-O 5. Nge2 d5 6. a3 Be7 7. Ng3 c5 8. cxd5
exd5 9. Be2 Nc6 10. O-O Re8 11. Bf3 Be6 12. dxc5 Bxc5 13. b4 Bf8 14. Bb2 a5 15.
b5 Ne5 16. Be2 Rc8 17. Rc1 h5 18. Nce4 Nfg4 19. Rxc8 Bxc8 20. Nc3 h4 21. Nh5 Qd6
22. Nf4 g5 23. Bxg4 Bxg4 24. Nfe2 h3 25. f3 hxg2 26. Kxg2 Nxf3 27. Rxf3 Bxf3+
28. Kxf3 Bg7 29. Qg1 Qf6+ 30. Kg2 Qf5 31. Bc1 Rc8 32. Ng3 Qd3 33. Nce2 Qxb5 34.
Qd1 Qd7 35. Bd2 d4 36. e4 d3 37. Ng1 Rc2 38. Nf3 Bc3 39. Nf1 Qg4+ 40. Kh1 Bxd2
41. N1xd2 Rxd2 0-1

[Event "Druzynowe Mistrzostwa Polski - II Liga 2023"]
[Site "Jastrzebia Gora"]
[Date "1899-12-30"]
[Round "8.11"]
[White "Owoc, Jakub"]
[Black "Paczka, Patryk"]
[Result "1-0"]
[WhiteTitle "I+"]
[BlackTitle "I+"]
[WhiteElo "1915"]
[BlackElo "1891"]

1. d4 Nf6 2. c4 g6 3. Nc3 Bg7 4. e4 d6 5. f4 O-O 6. Nf3 c5 7. d5 e6 8. Be2 exd5
9. cxd5 Nbd7 10. O-O Re8 11. Qc2 Qc7 12. Kh1 a6 13. a4 Rb8 14. Be3 c4 15. Ba7
Ra8 16. Bd4 Nc5 17. Bxf6 Bxf6 18. e5 Bf5 19. Qd1 Bg7 20. Bxc4 dxe5 21. d6 Qd8
22. fxe5 Bxe5 23. Bxf7+ Kxf7 24. Qd5+ Ne6 25. Nxe5+ Kg7 26. Qxb7+ Kg8 27. Nd5
Rf8 28. Ne7+ Kh8 29. Nxf5 gxf5 30. Nf7+ Rxf7 31. Qxf7 Qxd6 32. Rad1 Qc6 33. Qf6+
Kg8 34. Rxf5 Rc8 35. Rf3 1-0

[Event "Druzynowe Mistrzostwa Polski - II Liga 2023"]
[Site "Jastrzebia Gora"]
[Date "1899-12-30"]
[Round "8.12"]
[White "Kostecka, Marika"]
[Black "Marczuk, Anna"]
[Result "1/2-1/2"]
[WhiteTitle "WCM"]
[BlackTitle "k"]
[WhiteElo "1928"]
[BlackElo "1980"]

1. e4 c5 2. Nf3 Nc6 3. d4 cxd4 4. Nxd4 g6 5. c4 Nf6 6. Nc3 Nxd4 7. Qxd4 d6 8. Be2
Bg7 9. O-O O-O 10. Qd1 Be6 11. Be3 Qa5 12. Bd4 a6 13. a3 Rfc8 14. Nd5 Bxd5 15.
exd5 Nd7 16. b4 Qd8 17. Bxg7 Kxg7 18. Qd4+ Kg8 19. Rac1 Rc7 20. f4 Rac8 21. Rce1
Qf8 22. Bd3 Re8 23. Rf3 Qg7 24. Qf2 e5 25. dxe6 Rxe6 26. Rxe6 fxe6 27. Qe3 Nf8
28. Bf1 Qd7 29. Qd4 d5 30. c5 Qg7 31. Qf2 Nd7 32. Qe3 Qf7 33. Bd3 Nf8 34. Rf1
Qf6 35. Bc2 Qb2 36. Bb1 a5 37. bxa5 Qb5 38. Rc1 Qxa5 39. h3 Rc6 40. g4 Qc7 41.
f5 b6 42. fxe6 Rxe6 43. cxb6 Qb8 44. Qf2 Rxb6 45. Ba2 Kg7 46. Bxd5 Rf6 47. Qe3
Qb2 48. Re1 Qb6 49. Qxb6 Rxb6 50. Rf1 Ne6 51. Bxe6 Rxe6 52. Ra1 Kf7 53. a4 Ke7
54. a5 Ra6 55. Kf2 Kd7 56. Ke3 Kc7 57. Kd4 Kb7 58. Kc5 Re6 59. Rf1 Ka6 60. Rf7
h5 61. gxh5 Re5+ 62. Kb4 gxh5 63. Rf6+ Ka7 64. Rf3 Ka6 65. Ra3 Rb5+ 66. Kc4 Rxa5
1/2-1/2

[Event "Druzynowe Mistrzostwa Polski - II Liga 2023"]
[Site "Jastrzebia Gora"]
[Date "1899-12-30"]
[Round "8.13"]
[White "Grzesik, Gracjan"]
[Black "Mickiewicz, Piotr"]
[Result "1/2-1/2"]
[WhiteTitle "k"]
[BlackTitle "m"]
[WhiteElo "2149"]
[BlackElo "2255"]

1. c4 g6 2. Nc3 Bg7 3. g3 c5 4. Bg2 Nc6 5. e3 d6 6. Nge2 Nf6 7. d4 O-O 8. O-O Bg4
9. h3 Bd7 10. b3 a6 11. Bb2 Rb8 12. Rc1 cxd4 13. exd4 b5 14. cxb5 axb5 15. d5
Na5 16. Nd4 Qb6 17. Qd2 Rbc8 18. Nce2 b4 19. Rxc8 Rxc8 20. Qe3 Nb7 21. Nf4 Nc5
22. Nc6 Bxc6 23. dxc6 e6 24. Bd4 Qa5 25. Bxc5 Qxc5 26. Qxc5 dxc5 27. Rc1 Bf8 28.
h4 h6 29. Kf1 g5 30. hxg5 hxg5 31. Nd3 Nd5 32. Bxd5 exd5 33. g4 Rxc6 34. Nxb4
Rh6 35. Nd3 Rh4 36. Ke2 Rxg4 37. Nxc5 Bd6 38. Kf3 Rf4+ 39. Ke2 g4 40. Nd3 Re4+
41. Kd1 f5 42. Rc6 Be7 43. a4 Kf7 44. a5 f4 45. a6 g3 46. fxg3 fxg3 47. Rc2 Re6
48. Ra2 g2 49. Rxg2 1/2-1/2

[Event "Druzynowe Mistrzostwa Polski - II Liga 2023"]
[Site "Jastrzebia Gora"]
[Date "1899-12-30"]
[Round "8.14"]
[White "Kosiorek, Marek"]
[Black "Sokolowski, Ryszard"]
[Result "1/2-1/2"]
[WhiteTitle "m"]
[BlackTitle "k"]
[WhiteElo "2259"]
[BlackElo "1958"]

1. Nf3 Nf6 2. c4 c5 3. g3 b6 4. Bg2 Bb7 5. O-O e6 6. Nc3 Be7 7. b3 O-O 8. Bb2 a6
9. d4 cxd4 10. Qxd4 d6 11. Rfd1 Nbd7 12. h3 Qc7 13. Rac1 Rac8 14. Qe3 Qb8 15.
Nd4 Bxg2 16. Kxg2 Qb7+ 17. Qf3 Qxf3+ 18. Nxf3 Rfd8 19. Nd4 Ne5 20. f4 Nc6 21.
e4 Nxd4 22. Rxd4 Ne8 23. Rcd1 Rb8 24. a4 h5 25. e5 f6 26. Ne4 dxe5 27. Rxd8 Rxd8
28. Rxd8 Bxd8 29. fxe5 fxe5 30. Bxe5 Nf6 31. Ng5 Nd7 32. Nxe6 Nxe5 33. Nxd8 Kf8
34. Ne6+ Kf7 35. Nd4 Nd3 36. Kf3 Kf6 37. a5 bxa5 38. Nc6 a4 39. bxa4 Nb2 40. Nb4
a5 41. Nd5+ Ke5 42. Nf4 Nxa4 43. Ke3 Nc5 44. Nxh5 a4 45. Kd2 g5 46. Kc3 a3 47.
g4 Nd3 48. Kb3 Nf2 49. Kxa3 Nxh3 50. c5 Kd5 51. Kb4 Kc6 52. Kc4 Ng1 53. Ng7 Nf3
54. Ne6 Ne5+ 55. Kb4 Nxg4 56. Nd4+ Kd5 57. c6 Kd6 58. Kb5 Ne5 59. Kb6 Nxc6 60.
Nxc6 Kd5 61. Ne7+ Ke6 62. Kc5 Kxe7 63. Kd5 Kf6 64. Ke4 Ke6 65. Kf3 Kf5 66. Kg3
g4 67. Kg2 Kf4 68. Kf2 1/2-1/2

[Event "Druzynowe Mistrzostwa Polski - II Liga 2023"]
[Site "Jastrzebia Gora"]
[Date "1899-12-30"]
[Round "8.15"]
[White "Majewski, Krzysztof"]
[Black "Syrkiewicz, Michal"]
[Result "0-1"]
[WhiteTitle "I+"]
[BlackTitle "k"]
[WhiteElo "1903"]
[BlackElo "2041"]

1. e4 c5 2. c4 Nc6 3. Nc3 g6 4. g3 Bg7 5. Bg2 a6 6. d3 b5 7. Nge2 Rb8 8. O-O b4
9. Nd5 e6 10. Ne3 Nge7 11. f4 d6 12. f5 gxf5 13. exf5 exf5 14. Nxf5 Bxf5 15. Bxc6+
Nxc6 16. Rxf5 O-O 17. Nf4 Qd7 18. Qg4 Ne5 19. Qh5 Nf3+ 20. Kf2 Nd4 21. Rg5 f6
22. Rg4 Rbe8 23. Qd5+ Rf7 24. h3 Re5 25. Qh1 Qe8 26. Qf1 Rfe7 27. Bd2 f5 28. Rxg7+
Kxg7 29. Kg1 Kh8 30. Nd5 Rg7 31. Bf4 Ne2+ 32. Kh2 Nxf4 33. Nxf4 Re3 34. Qf2 Rgxg3
35. Ng2 Rxg2+ 36. Kxg2 Re2 0-1

[Event "Druzynowe Mistrzostwa Polski - II Liga 2023"]
[Site "Jastrzebia Gora"]
[Date "1899-12-30"]
[Round "8.16"]
[White "Krasiewicz, Robert"]
[Black "Gajdzica, Maciej"]
[Result "1-0"]
[WhiteTitle "k+"]
[BlackTitle "k"]
[WhiteElo "1945"]
[BlackElo "1968"]

1. d4 d5 2. Nf3 c5 3. g3 cxd4 4. Bg2 Nf6 5. O-O h6 6. Bf4 Nbd7 7. Qxd4 e6 8. c4
Bc5 9. Qc3 dxc4 10. Qxc4 a6 11. Ne5 O-O 12. Nxd7 Nxd7 13. a4 Qe7 14. Nc3 Nf6 15.
Be5 Ba7 16. Rfd1 Bb8 17. Bd4 Bd6 18. Bxf6 gxf6 19. Qh4 f5 20. Qxh6 Be5 21. e4
Bg7 22. Qh5 fxe4 23. Nxe4 f5 24. Ng5 Bxb2 25. Rab1 Bf6 26. h4 Rb8 27. Rb6 Bxg5
28. hxg5 Rf7 29. g6 Rf8 30. Rbd6 Re8 31. Rd8 Kg7 32. Qh7+ Kf6 33. Rxe8 Qxe8 34.
g7 Bd7 35. Rxd7 Qxd7 36. g8=N+ 1-0